Manual de geografía y estadística del alto Perú o Bolivia (Registro nro. 303487)

Detalles MARC
000 -ENCABEZADO
Número de control [NR] 01429nam a22002537a 4500
005 - FECHA Y HORA DE LA ÚLTIMA TRANSACCIÓN
control field 20160523144916.0
008 - DE LONGITUD FIJA DE DATOS DE ELEMENTOS - INFORMACIÓN GENERAL
Elementos de longitud fija [NR] 160523s1860 fr |||fr|||| 001 0 spa d
040 ## - FUENTE DE CATALOGACION [NR]
Agencia de catalogación original [NR] CO-BoUCM
Idioma de catalogación [NR] spa
Quien Cataloga Sandra Yazo
Quien Clasifica Sandra Yazo
041 0# - CODIGO DE IDIOMA [R]
Código de idioma para texto/pista de sonido o título separado [R] Español
082 04 - NUMERO DE CLASIFICACION DECIMAL DEWEY [R]
Número de la edición [NR] 20
Número de clasificación [R] 910.084
092 ## - SIGNATURA TOPOGRAFICA LOCAL
Número de clasificación local E40N017
100 1# - ASIENTO PRINCIPAL--NOMBRE PERSONAL [NR]
Nombre personal [NR] Menendez, Baldomero
ID Autoridad 77372
245 10 - MENCION DE TITULO [NR]
Título [NR] Manual de geografía y estadística del alto Perú o Bolivia
Mención de responsabilidad, etc. [NR] por Baldomero Menéndez
260 ## - PUBLICACION, DISTRIBUCION, ETC. (PIE DE IMPRENTA) [R]
Lugar de publicación, distribución, etc. [R] París (Francia)
Nombre del editor, distribuidor, etc. [R] Librería de Rosa y Bouret
-- Imprenta de Roblot
Fecha de publicación, distribución, etc. [R] 1860
300 ## - DESCRIPCION FISICA [R]
Extensión [R] 323 páginas
Dimensiones [R] 17 x 11 cm.
490 #0 - MENCION DE SERIE [R]
Mención de serie [R] Enciclopedia hispano-americana
-- Enciclopedia popular
500 ## - NOTA GENERAL [R]
Nota general [NR] Detalles físicos: Encuadernación rígida en cartón forrado en tela texturizada. Tapas y lomo con adornos repujados y en dorado. Guardas con texto impreso. Anteportada al verso con anotación manuscrita. Portada impresa en una sola tinta con el emblema de los editores. Texto impreso en una sola tinta. Papel muy manchado. Al final varias tablas. Tapas empiezan a desprenderse
505 2# - NOTA DE CONTENIDO CON FORMATO PREESTABLECIDO [R]
Nota de contenido con formato preestablecido [NR] Prólogo ; Reseña histórica -- Sección geográfica: Descripción general ; Descripción corográfica ; Descripción topográfica -- Sección estadística y noticias curiosas
506 ## - NOTA DE RESTRICCIONES DE ACCESO [R]
Condiciones de acceso [NR] Consulta en sala
650 #7 - ASIENTO SECUNDARIO DE MATERIA - TERMINO TEMATICO [R]
9 (RLIN) 16335
Término temático o nombre geográfico como elemento de entrada [NR] Geografía
Subdivisión geográfica [R] Bolivia
650 #7 - ASIENTO SECUNDARIO DE MATERIA - TERMINO TEMATICO [R]
9 (RLIN) 16348
Término temático o nombre geográfico como elemento de entrada [NR] Geografía física
Subdivisión geográfica [R] Bolivia
690 ## - ASUNTO AGREGADO LOCAL DE ENTRADA - TÉRMINO TEMÁTICO (OCLC, RLIN)
Acceso temático local Geografía de América
9 (RLIN) 26498
942 ## - ELEMENTOS DE ENTRADA AGREGADOS (KOHA)
Sistema de clasificación LOCAL
Tipo de ítem principal el descrito en 300a Libro
Edición 1
Clasificación E40N017
Existencias
Suprimido Perdido Sistema de clasificación Dañado No prestable Tipo de ítem específico Ubicación habitual Ubicación actual Localización Fecha de creación Forma de adquisición Total préstamos Signatura topográfica Código de barras Última vez visto Ejemplar Price effective from Tipo de ítem
    LOCAL     Libro archivo Archivo Histórico Archivo Histórico Archivo histórico 23/05/2016 Donación   E40N017 L005668 23/05/2016 Ej.1 23/05/2016 Libro